000 00784nam a22002177a 4500
999 _c64196
_d64196
005 20240530110719.0
008 180319s2016 ua g 000 f ara d
017 _a2016/10264
_bمصر. دار الكتب
020 _a9789777950633
040 _aEG-CaGPL
_cEG-CaGPL
082 0 4 _221
_a813.03/
_bت ب
100 0 _aتامر شيخون
245 1 0 _aبريدج :
_bانصاف الحقائق قد تكون اكثر كذبا من الكذب الخالص : رواية /
_cتامر شيخون .
250 _aط.2
260 _aالقاهرة :
_bالدار المصرية اللبنانية ،
_c2016 .
300 _a590 ص. ؛
_c19 سم.
650 0 7 _2qrmak
_aالقصص العربية
651 _2qrmak
942 _2ddc
_cBK